Central Library OPAC University of Rajshahi

Studies in Islamic mysticism / (Record no. 32878)

MARC details
000 -LEADER
fixed length control field 00988nam a2200289 a 4500
001 - CONTROL NUMBER
control field 32878
003 - CONTROL NUMBER IDENTIFIER
rucl marc code BD-RjUL
005 - DATE AND TIME OF LATEST TRANSACTION
control field 20211209051917.0
008 - FIXED-LENGTH DATA ELEMENTS--GENERAL INFORMATION
fixed length control field 140428r19811921ii b 001 0 eng d
035 ## - SYSTEM CONTROL NUMBER
System control number (BD-RjUL)32968
-- CURL 020000228218(Edi) from ahc312
040 ## - CATALOGING SOURCE
Original cataloging agency LC
Language of cataloging eng
Transcribing agency LC
Modifying agency BD-RjUL
041 ## - LANGUAGE CODE
Language code of text/sound track or separate title eng
082 04 - DEWEY DECIMAL CLASSIFICATION NUMBER
Edition number 20
Classification number 297.4092
Author mark and year NIS 1981
100 1# - MAIN ENTRY--PERSONAL NAME
Personal name Nicholson, Reynold Alleyne,
Dates associated with a name 1868-1945.
9 (RLIN) 66384
245 10 - TITLE STATEMENT
Title Studies in Islamic mysticism /
Statement of responsibility, etc. Reynold A. Nicholson.
250 ## - EDITION STATEMENT
Edition statement 1st ed.
260 ## - PUBLICATION, DISTRIBUTION, ETC. (IMPRINT)
Place of publication, distribution, etc. Delhi :
Name of publisher, distributor, etc. Idarah-i,
Date of publication, distribution, etc. 1921 [reprinted 1981].
300 ## - PHYSICAL DESCRIPTION
Pagination xii, 282 p. ;
Size 23 cm.
504 ## - BIBLIOGRAPHY, ETC. NOTE
Bibliography, etc Includes bibliographical references and index.
600 00 - SUBJECT ADDED ENTRY--PERSONAL NAME
Personal name Abū Saʿīd ibn Abī al-Khayr,
Dates associated with a name 967-1049.
Personal name Ibn al-Fāriḍ, ʿUmar ibn ʿAlī,
Dates associated with a name 1181 or 1182-1235.
Personal name al-Jīlī, ʿAbd al-Karīm ibn Ibrāhīm,
Dates associated with a name b.1365 or 6.
650 #0 - SUBJECT ADDED ENTRY--TOPICAL TERM
Topical term or geographic name as entry element Sufism.
9 (RLIN) 99948
942 ## - ADDED ENTRY ELEMENTS (KOHA)
Source of classification or shelving scheme Dewey Decimal Classification
Koha item type Books
Holdings
Lost status Source of classification or shelving scheme Damaged status Not for loan Collection code Permanent Location Current Location Shelving location Date acquired Source of acquisition Cost, normal purchase price Total Checkouts Full call number Date last seen Copy number Koha item type
  Dewey Decimal Classification     Non-fiction Central Library, University of Rajshahi Central Library, University of Rajshahi   15/07/1986 Karim International. 50.00   297.4092 NIS 1981 28/04/2014 C-7 Books
  Dewey Decimal Classification       Central Library, University of Rajshahi Central Library, University of Rajshahi   15/07/1986 Karim Int. 50.00   297.4092 NIS 1981 29/04/2014 C-6 Books
  Dewey Decimal Classification     Non-fiction Central Library, University of Rajshahi Central Library, University of Rajshahi     karim interprise dhaka 50.00   297.4092 NIS 1981 29/04/2014 C-3 Books
  Dewey Decimal Classification     Non-fiction Central Library, University of Rajshahi Central Library, University of Rajshahi   15/07/1986 KARIM INTER.. 50.00   297.4092 NIS 1981 29/04/2014 C-4 Books
  Dewey Decimal Classification     Non-fiction Central Library, University of Rajshahi Central Library, University of Rajshahi   15/07/1986 KARIM INTER.. 50.00   297.4092 NIS 1981 29/04/2014 C-5 Books
  Dewey Decimal Classification   Not For Loan Non-fiction Central Library, University of Rajshahi Central Library, University of Rajshahi Reading Room 16/09/1970 Thom and thom 41.25   297.4092 NIS 1967 05/12/2016 C-1 Books
  Dewey Decimal Classification     Non-fiction Central Library, University of Rajshahi Central Library, University of Rajshahi   13/12/2017       297.4092 NIS 1976 13/12/2017 C-2 Books